| 000 | 01286nam a22003737a 4500 | ||
|---|---|---|---|
| 003 | CHAP | ||
| 005 | 20220329133022.0 | ||
| 008 | 971013s1990 r 00010 d | ||
| 010 | _a1339 | ||
| 011 | _a2311 | ||
| 035 | _a1504 | ||
| 040 | _cCHAP | ||
| 090 | _aTesis | ||
| 100 | 0 | 0 |
_aSilva Luna, Manuel. _9106014 |
| 245 | _aValor nutritivo del pasto Limpo (Hemarthria altissima (Poir) Stapf y Hubb) cv. Bigalta fresco ensilado y henificado con y sin melaza y urea | ||
| 260 |
_aChapingo, Méx. : _bEl autor, _c1990 |
||
| 300 |
_a83 h. _b: gráfs. |
||
| 500 | _a41-108 | ||
| 502 | _aTesis (M.C. Esp. en Ganadería). -- C.P. Centro de Ganadería | ||
| 590 |
_aALEPH _b10 _c20130110 _lUCH01 _h1208 |
||
| 590 |
_aBATCH-UPD _b10 _c20130110 _lUCH01 _h0845 |
||
| 590 |
_aBATCH-UPD _b10 _c20130410 _lUCH01 _h0519 |
||
| 590 |
_aBATCH-UPD _b10 _c20130914 _lUCH01 _h1310 |
||
| 590 |
_aCONVERSION _b10 _c20130109 _lUCH01 _h1302 |
||
| 650 | 1 | 4 |
_aEnsilaje. _937102 |
| 650 | 1 | 4 |
_aHermarthria altissima. _953746 |
| 650 | 1 | 4 |
_aMelaza en alimentación animal. _974315 |
| 650 | 1 | 4 |
_aPastos forrajeros. _986094 |
| 650 | 1 | 4 |
_aUrea en alimentación animal. _9116890 |
| 901 | _aBK | ||
| 942 | _cFOLL | ||
| 949 |
_bBC _cTES _d-10990 _eTS1 _h23216 _i1504 _si |
||
| 949 |
_bBC _cTES _d-72498 _eTS2 _fc.2 _h23217 _i1504 _si |
||
| 999 |
_c1339 _d1339 |
||